Joh. Adami Osiandri ... Collegii Theologici Systematici Pars ... / 3 Continens LL. VI. De Providentia Dei. VII. De Lapsu & Peccato Hominis. IIX. De Servo & Libero Arbitrio

Saved in:  
Bibliographic Details
Subtitles:Collegium Theologicum Systematicum
Main Author: Osiander, Johann Adam 1622-1697 (Author)
Contributors: Zubrodt, Johann Gottfried 1650-1690 (Printer)
Format: Electronic Book
Language:Latin
Check availability: HBZ Gateway
WorldCat: WorldCat
Interlibrary Loan:Interlibrary Loan for the Fachinformationsdienste (Specialized Information Services in Germany)
Published: Stutgardiae Zubrod 1686
In: Joh. Adami Osiandri Th. D. PP. & Cancellar. Tübing. Collegii Theologici Systematici Pars ...
Year: 1686
Online Access: Volltext (kostenfrei)
Rights Information:PDM 1.0
Parallel Edition:Non-electronic
Sammlungen:

MARC

LEADER 00000cam a2200000 cc4500
001 174587321X
003 DE-627
005 20240926100951.0
007 cr c|||||m|aap
008 210128s1686 xx |||||o 00| ||lat c
024 7 |a urn:nbn:de:urmel-ufb-154281  |2 urn 
024 7 |a VD17 39:132661G  |2 vd17 
026 |e o,s. m.em m.e- tide 3 1686R 3  |2 fei 
035 |a (DE-627)174587321X 
035 |a (DE-599)KXP174587321X 
035 |a (OCoLC)1233152725 
040 |a DE-627  |b ger  |c DE-627  |e rakwb 
041 |a lat 
100 1 |0 (DE-588)104279427  |0 (DE-627)134520211  |0 (DE-576)289022258  |4 aut  |a Osiander, Johann Adam  |d 1622-1697 
109 |a Osiander, Johann Adam 1622-1697  |a Osiander, Johannes Adam 1622-1697  |a Osiander, Joannes Adamus 1622-1697  |a Osiander, Johannes Adamus 1622-1697  |a Osiander, Joannes Adam 1622-1697  |a Osiander, Johan-Adamus 1622-1697  |a Osiander, Johann Adam der Ältere 1622-1697  |a Osiander, Johann-Adamus 1622-1697  |a Osiandrus, Johann Adamus 1622-1697  |a Osiandrus, Johannes Adamus 1622-1697  |a Osiandrus, Joannes Adamus 1622-1697  |a Osiandrus, Joh. Adamus 1622-1697 
245 1 5 |a Joh. Adami Osiandri ... Collegii Theologici Systematici Pars ...  |n 3  |p Continens LL. VI. De Providentia Dei. VII. De Lapsu & Peccato Hominis. IIX. De Servo & Libero Arbitrio 
246 3 3 |a Collegium Theologicum Systematicum 
256 |a TIFF, Vers.6.0, 300 dpi, 24 bit (farbig); Digitalisierungsvorlage: Primärausgabe 
264 1 |a Stutgardiae  |b Zubrod  |c 1686 
300 |a 214 S.  |c 4° 
336 |a Text  |b txt  |2 rdacontent 
337 |a Computermedien  |b c  |2 rdamedia 
338 |a Online-Ressource  |b cr  |2 rdacarrier 
500 |a Vorlageform des Erscheinungsvermerks: Stutgardiae, Apud Johannem Godofredum Zubrod. MDCLXXXVI. 
506 0 |q DE-39  |a Open Access  |e Controlled Vocabulary for Access Rights  |u http://purl.org/coar/access_right/c_abf2 
533 |a Online-Ausgabe  |b Gotha  |c Forschungsbibliothek Gotha  |d 2021  |e 1 Online-Ressource  |f VD17 digital  |7 |2021|||||||||| 
535 1 |a FB Gotha  |3 Theol 4° 00483/01 (03) 
540 |q DE-39  |a Public Domain Mark 1.0  |f PDM 1.0  |2 cc  |u https://creativecommons.org/publicdomain/mark/1.0/ 
583 1 |a Archivierung/Langzeitarchivierung gewährleistet  |k DE-27  |x XA-DE-TH  |2 pdager  |5 DE-39 
601 |a Hominisation 
700 1 |0 (DE-588)132010410  |0 (DE-627)516487868  |0 (DE-576)262022451  |4 prt  |a Zubrodt, Johann Gottfried  |d 1650-1690 
751 |a Stuttgart  |4 pup 
773 1 8 |a Joh. Adami Osiandri Th. D. PP. & Cancellar. Tübing. Collegii Theologici Systematici Pars ...  |w (DE-627)871032694  |w (DE-576)9871032692  |g 3  |q 3.1686  |7 nnam 
776 0 8 |i Elektronische Reproduktion von  |a Osiander, Johann Adam, 1622 - 1697  |t Joh. Adami Osiandri ... Collegii Theologici Systematici Pars ... ; 3: Continens LL. VI. De Providentia Dei. VII. De Lapsu & Peccato Hominis. IIX. De Servo & Libero Arbitrio  |d Stutgardiae : Zubrod, 1686  |h 214 S.  |w (DE-627)091809231  |w (DE-576)909180923X  |n FB Gotha -- Theol 4° 00483/01 (03)  |k Non-Electronic 
856 4 0 |u https://nbn-resolving.org/urn:nbn:de:urmel-ufb-154281  |x Digitalisierung  |z kostenfrei  |7 0 
935 |a FBGO  |a mteo 
951 |a MV 
ELC |a 1 
LOK |0 000 xxxxxcx a22 zn 4500 
LOK |0 001 4583557779 
LOK |0 003 DE-627 
LOK |0 004 174587321X 
LOK |0 005 20250130090834 
LOK |0 008 240926||||||||||||||||ger||||||| 
LOK |0 040   |a DE-Tue135  |c DE-627  |d DE-Tue135 
LOK |0 092   |o n 
LOK |0 852   |a DE-Tue135 
LOK |0 852 1  |9 00 
LOK |0 866   |x SPQUE#Forschungsbibliothek Gotha#SPSAM#Bestand Theologie (bis 2024-03) 
LOK |0 935   |a FBGO  |a goth 
LOK |0 939   |a 26-09-24  |b l01 
OAS |a 1 
ORI |a SA-MARC-ixtheoa001.raw